Crónica y historia de la Provincia de la Compañía de Jesús de México en Nueva España : fundación de sus colegios y casas, ministerios que en ellos se exercitan y frutos gloriosos que con el favor de la divina gracia se han cogido, y varones insignes que trabajando con fervores en esta viña del Señor pasaron a gozar el premio de sus santas obras a la gloria... /
Guardat en:
| Autor principal: | |
|---|---|
| Autor corporatiu: | |
| Format: | Llibre |
| Idioma: | espanyol |
| Publicat: |
México :
Imprenta del Sagrado Corazón de Jesús,
1896
|
| Matèries: | |
| Etiquetes: |
Sense etiquetes, Sigues el primer a etiquetar aquest registre!
|
MARC
| LEADER | 00000nam^a2200000^a^4500 | ||
|---|---|---|---|
| 001 | 000345881 | ||
| 005 | 20250526000000.0 | ||
| 008 | 140924 1896 | ||
| 009 | 20260310114730.658 | ||
| 037 | |a Acervo Xavier Clavigero | ||
| 041 | |a ESP | ||
| 082 | |a 255. 530097203 |b PER | ||
| 100 | |a Pérez de Ribas, Andrés |e (autor) | ||
| 240 | 1 | 1 | |a [Crónica y historia de la Provincia de la Compañía de Jesús de México en Nueva España] |
| 245 | 1 | 0 | |a Crónica y historia de la Provincia de la Compañía de Jesús de México en Nueva España : |b fundación de sus colegios y casas, ministerios que en ellos se exercitan y frutos gloriosos que con el favor de la divina gracia se han cogido, y varones insignes que trabajando con fervores en esta viña del Señor pasaron a gozar el premio de sus santas obras a la gloria... / |c Andrés Pérez de Ribas ; presen. de la Compañía de Jesús. |
| 264 | 4 | |a México : |b Imprenta del Sagrado Corazón de Jesús, |c 1896 | |
| 300 | |a 415, 573 p. ; |c 25.0 cm. | ||
| 336 | |a texto |b txt |2 rdacontenido | ||
| 337 | |a sin mediación |b n |2 rdamedio | ||
| 338 | |a volumen |b nc |2 rdasoporte | ||
| 545 | 0 | |a Andrés Pérez de Ribas (Córdoba, 1576 - Ciudad de México, 1655) llegó como misionero jesuita a Nueva España en 1604, destinado para evangelizar a los indígenas de lo que constituye hoy día el estado de Sinaloa, aunque su obra evangelizadora llegó también a los yaquis y a la serranía de Durango. Tras esa etapa inicial, en 1620 fue nombrado rector del Colegio Máximo de San Pedro y San Pablo en México y más tarde prepósito de La Profesa; luego, como Provincial de la Nueva España desde 1638, participó en la VIII Congregación General en 1641. Durante su estancia en Europa publicó su Historia de los triunfos de nuestra santa fe entre gentes las más bárbaras y fieras del nuevo orbe (Madrid, 1645), referida al trabajo misional en la zona y que es considerado el texto fundador de la historiografía regional. De regreso en México tres años más tarde, desarrolló por encargo del Padre General Vicente Carafa la Crónica y historia de la Provincia de la Compañía de Jesús de México en Nueva España, terminada en 1654 y que narra desde la llegada de los primeros 15 jesuitas al territorio novohispano -con nombres incluidos- hasta el año de terminación de la obra. Sin embargo, el texto no vio la luz pública en su momento, pues mientras se recababa la licencia de Roma falleció el padre Pérez de Ribas. Será hasta 1896 que la Imprenta del Sagrado Corazón de Jesús de la ciudad de México haga la primera edición, desafortunadamente mutilada, pues al manuscrito fuente le faltaban algunos capítulos. | |
| 585 | |a Exposición DIA 2022-11 / Los jesuitas del Camino Real de Tierra Adentro: 450 años de la Provincia Mexicana de la Compañía de Jesús | ||
| 649 | |a XX | ||
| 650 | |a Jesuitas en México - |x Historia - |y Siglo XVI - |x Tema Principal | ||
| 650 | |a Jesuitas en México - |x Historia - |y Siglo XVII - |x Tema Principal | ||
| 650 | |a Jesuitas en México - |x Historia - |y Epoca Colonial, 1517-1821 | ||
| 650 | |a Jesuitas en la Educación - |z México - |x Historia - |y Epoca Colonial, 1517-1821 | ||
| 650 | |a Monasticismo y Ordenes Religiosas - |z México - |x Historia - |y Epoca Colonial, 1517-1821 | ||
| 650 | |a Iglesia Católica en México - |x Historia - |y Epoca Colonial, 1517-1821 | ||
| 650 | |a Evangelización - |z México - |x Historia - |y Epoca Colonial, 1517-1821 | ||
| 650 | |a Misiones - |z México - |x Historia - |y Epoca Colonial, 1517-1821 | ||
| 650 | |a Catolicismo - |z México - |x Historia - |y Epoca Colonial, 1517-1821 | ||
| 650 | |a Cristianismo - |z México - |x Historia - |y Epoca Colonial, 1517-1821 | ||
| 650 | |a Religión - |z México - |x Historia - |y Epoca Colonial, 1517-1821 | ||
| 650 | |a México - |x Historia - |y Siglo XVI | ||
| 650 | |a México - |x Historia - |y Siglo XVII | ||
| 650 | |a México - |x Historia - |y Epoca Colonial, 1517-1821 | ||
| 710 | |a Compañía de Jesús |e (presentación) | ||
| 910 | |a Fondo General | ||
| 920 | |a Impresos - Libros | ||
| 930 | |a Libros Antiguos y Raros | ||
| 940 | |a Jesuitas | ||
| 905 | |a 108 | ||
| 901 | |a 0500236386 |b IT2 |c LRA |u 20250526 | ||
| 902 | |a https://opac.biblio.iteso.mx/vufind/Record/000345881 | ||